000 00436nam a2200145 a 4500
001 000031348
005 20200930062852.0
008 110620s1928 dr 000 0 spa d
040 _aDO-SdBNP
_bspa
_cBNPHU
100 1 _aPellerano, Fernando A.
_957785
245 1 3 _aEl más fuerte :
_bcomedia en tres actos /
_cFernando A. Pellerano.
260 _aSanto Domingo :
_bImprenta Montalvo,
_c1928.
300 _a51 p. ;
_c20 cm.
049 _aBNPD
999 _c30840
_d30840